[Event "Kuressaare EST-LAT-LTU"]
[Site "Kuressaare"]
[Date "2023.06.01"]
[Round "1.9"]
[White "Narva, Triin"]
[Black "Golsta, Ramona"]
[Result "1-0"]
[WhiteElo "2044"]
[BlackElo "1820"]
[PlyCount "61"]
[EventDate "2023.06.01"]
[EventType "team-tourn"]
[EventRounds "3"]
[EventCountry "EST"]
[SourceTitle "CBM 214 Extra"]
[Source "ChessBase"]
[SourceDate "2023.07.31"]
[SourceVersion "1"]
[SourceVersionDate "2023.07.31"]
[SourceQuality "1"]
[WhiteTeam "Estonia"]
[BlackTeam "Latvia"]
[WhiteTeamCountry "EST"]
[BlackTeamCountry "LAT"]

1. e4 c5 2. Nf3 Nc6 3. Bb5 e5 4. 0-0 Bd6 5. c3 Nf6 6. d4 cxd4 7. cxd4 Qc7 8. d5 Ne7 9. Nc3 Ng6 10. Bd2 0-0 11. Bd3 a6 12. Ne2 Bc5 13. h3 d6 14. b4 Ba7 15. a4 Nh5 16. g4 Nhf4 17. Nxf4 Nxf4 18. Bxf4 exf4 19. Qd2 h5 20. Qxf4 Qc3 21. Rad1 hxg4 22. hxg4 Qxb4 23. Kg2 f5 24. Rh1 fxe4 25. Rh8+ Kxh8 26. Qxf8+ Kh7 27. Rh1+ Kg6 28. Nh4+ Kg5 29. Qxg7+ Kf4 30. Qf6+ Kxg4 31. Be2# 1-0

[Event "EU-ch (Women) 23rd"]
[Site "Petrovac"]
[Date "2023.03.29"]
[Round "11"]
[White "Golsta, Ramona"]
[Black "Kobak, Polina"]
[Result "0-1"]
[WhiteElo "1760"]
[BlackElo "1815"]
[PlyCount "52"]
[EventDate "2023.03.18"]
[EventType "swiss"]
[EventRounds "11"]
[EventCountry "MNE"]
[SourceTitle "CBM 213 Extra"]
[Source "ChessBase"]
[SourceDate "2023.05.31"]
[SourceVersion "1"]
[SourceVersionDate "2023.05.31"]
[SourceQuality "1"]

1. d4 Nf6 2. c4 e6 3. Nc3 Bb4 4. f3 c5 5. d5 0-0 6. e4 b5 7. Bg5 h6 8. Bh4 Re8 9. d6 bxc4 10. Bxc4 Nc6 11. Nge2 Ne5 12. Bb3 c4 13. Bc2 Ba6 14. a3 Bc5 15. f4 Neg4 16. e5 Ne3 17. Qc1 Nxg2+ 18. Kd1 Nxh4 19. exf6 gxf6 20. f5 Nxf5 21. Bxf5 exf5 22. Qxh6 Qb6 23. Nd5 Qb3+ 24. Ke1 Rxe2+ 25. Kxe2 Qc2+ 26. Ke1 Bf2+ 0-1

[Event "EU-ch (Women) 23rd"]
[Site "Petrovac"]
[Date "2023.03.26"]
[Round "8"]
[White "Stefanova, Antoaneta"]
[Black "Golsta, Ramona"]
[Result "1-0"]
[WhiteElo "2435"]
[BlackElo "1760"]
[PlyCount "89"]
[EventDate "2023.03.18"]
[EventType "swiss"]
[EventRounds "11"]
[EventCountry "MNE"]
[SourceTitle "CBM 213 Extra"]
[Source "ChessBase"]
[SourceDate "2023.05.31"]
[SourceVersion "1"]
[SourceVersionDate "2023.05.31"]
[SourceQuality "1"]

1. d4 d5 2. Nf3 Nf6 3. g3 e6 4. Bg2 Be7 5. 0-0 0-0 6. c4 c5 7. cxd5 exd5 8. dxc5 Bxc5 9. a3 Re8 10. b4 Bf8 11. Bb2 Nc6 12. Nc3 Bf5 13. Nd4 Bg4 14. h3 Bh5 15. Re1 Rc8 16. Rc1 a5 17. b5 Nxd4 18. Qxd4 Rc4 19. Qd3 Bg6 20. Qd2 d4 21. Na2 Rxc1 22. Rxc1 d3 23. exd3 Qxd3 24. Qxd3 Bxd3 25. Nc3 b6 26. Bc6 Re6 27. Rd1 Bg6 28. Rd8 Rd6 29. Rxd6 Bxd6 30. Na4 Ne4 31. Kg2 Nc5 32. Nxb6 Nd3 33. Nc4 Bc5 34. Bc3 a4 35. f4 f6 36. b6 Bf7 37. b7 Ba7 38. Nb6 Nc5 39. Nc8 Bb8 40. Bd4 Na6 41. Kf2 Bb3 42. Bb5 Nc7 43. Ba7 Nxb5 44. Bxb8 Bd5 45. Ne7+ 1-0

[Event "EU-ch (Women) 23rd"]
[Site "Petrovac"]
[Date "2023.03.22"]
[Round "5"]
[White "Golsta, Ramona"]
[Black "Gaboyan, Susanna"]
[Result "1-0"]
[WhiteElo "1760"]
[BlackElo "2160"]
[PlyCount "95"]
[EventDate "2023.03.18"]
[EventType "swiss"]
[EventRounds "11"]
[EventCountry "MNE"]
[SourceTitle "CBM 213 Extra"]
[Source "ChessBase"]
[SourceDate "2023.05.31"]
[SourceVersion "1"]
[SourceVersionDate "2023.05.31"]
[SourceQuality "1"]

1. d4 f5 2. Bg5 h6 3. Bh4 g5 4. e4 Bg7 5. h3 gxh4 6. Qh5+ Kf8 7. Qxf5+ Nf6 8. e5 d6 9. Qf4 dxe5 10. dxe5 Nc6 11. exf6 Bxf6 12. Nc3 Qd6 13. Qxd6 cxd6 14. Nf3 Bf5 15. Bd3 Be6 16. Ne4 Bxb2 17. Rb1 Ba3 18. Nxh4 Kf7 19. Rxb7 Rab8 20. Rxb8 Rxb8 21. Ke2 Rb2 22. Nf3 Bxa2 23. Ra1 Nb4 24. Nc3 d5 25. Nd2 a5 26. Na4 e5 27. f3 Nxc2 28. Bxc2 Rxc2 29. Kd3 Rxd2+ 30. Kxd2 Bb4+ 31. Kc2 Bc4 32. Nb6 Ke6 33. Nxc4 dxc4 34. g4 Kf6 35. h4 Kg6 36. Rd1 h5 37. Rd5 hxg4 38. fxg4 Kf6 39. g5+ Kf5 40. Rb5 Bf8 41. Rxa5 Kg4 42. Rxe5 Kh5 43. Re4 Bd6 44. Rxc4 Bg3 45. Kd3 Kg6 46. Rc6+ Kf5 47. g6 Be5 48. Rc5 1-0

[Event "EU-ch (Women) 23rd"]
[Site "Petrovac"]
[Date "2023.03.19"]
[Round "2"]
[White "Golsta, Ramona"]
[Black "Gaponenko, Inna"]
[Result "0-1"]
[WhiteElo "1760"]
[BlackElo "2349"]
[PlyCount "132"]
[EventDate "2023.03.18"]
[EventType "swiss"]
[EventRounds "11"]
[EventCountry "MNE"]
[SourceTitle "CBM 213 Extra"]
[Source "ChessBase"]
[SourceDate "2023.05.31"]
[SourceVersion "1"]
[SourceVersionDate "2023.05.31"]
[SourceQuality "1"]

1. d4 Nf6 2. c4 e6 3. Nc3 Bb4 4. f3 d5 5. a3 Bxc3+ 6. bxc3 0-0 7. e3 c5 8. cxd5 Nxd5 9. Bd3 Nxc3 10. Qc2 cxd4 11. Bb2 h6 12. Bxc3 dxc3 13. Ne2 Nc6 14. Qxc3 Qa5 15. Rc1 Bd7 16. Kf2 Qxc3 17. Rxc3 Rac8 18. Rd1 Ne5 19. Be4 Rxc3 20. Nxc3 Rc8 21. Ne2 Rc7 22. Nd4 Kf8 23. Rb1 b6 24. f4 Ng4+ 25. Kf3 Nf6 26. g4 Rc3 27. Rb3 Rc1 28. Bd3 Bc6+ 29. Nxc6 Rxc6 30. h4 h5 31. g5 Ng4 32. Bb5 Rc2 33. Rd3 g6 34. Rd8+ Kg7 35. Rd7 Rc3 36. Rd3 Rxd3 37. Bxd3 Kf8 38. Bb5 Ke7 39. Bd3 f5 40. Bc2 e5 41. e4 fxe4+ 42. Bxe4 exf4 43. Kxf4 Kf7 44. Bd5+ Kf8 45. Bb3 Nh2 46. Bc4 Ng4 47. Bb3 Ke7 48. Bc2 Kf7 49. Bb3+ Kg7 50. Bd1 Nf2 51. Be2 Kf7 52. Kf3 Ng4 53. Kf4 Ke6 54. Bd3 Ne5 55. Bc2 Kd5 56. Be4+ Kd4 57. Bc2 b5 58. Bd1 a5 59. Be2 b4 60. axb4 axb4 61. Bd1 Nd3+ 62. Kf3 Nc5 63. Bc2 b3 64. Bxg6 Nd3 65. Bxd3 Kxd3 66. g6 b2 0-1